000
00274nam a22001097a 4500
082
_a
629.253 CRO'A
100
_a
CROUSE, WILLIAM H
_9
40261
245
_a
AUTOMOTIVE FUEL LUBRICATING AND COOLING SYSTEM
260
_a
NEWYORK
_b
MCGRAW HILL
_c
1959
300
_a
421P
942
_c
BK
999
_c
582706
_d
582706